Часть 2: Период средневековой науки; История физики

Detalles Bibliográficos
Parent link:История физики=Опыт изучения логики открытий в их истории/ Н. А. Любимов.— , 1892-
Idioma:ruso
Publicado: Типография В. С. Балашева и К., 1894
Subjects:
Formato: MixedMaterials Libro
KOHA link:https://koha.lib.tpu.ru/cgi-bin/koha/opac-detail.pl?biblionumber=159872

MARC

LEADER 00000nam2a2200000 4500
001 159872
005 20231101222139.0
035 |a (RuTPU)RU\TPU\book\173388 
035 |a RU\TPU\book\173386 
090 |a 159872 
100 |a 20090515d1894 m y0rusy50 ca 
101 0 |a rus 
102 |a RU 
105 |a y z 000zy 
200 1 |a Часть 2  |e Период средневековой науки 
210 |c Типография В. С. Балашева и К.  |d 1894 
215 |a 206 с. 
316 |5 63413507: 10//327  |a На задней крышке переплета цветной печатный экслибрис в акцидентной рамке с текстом: "Перепл.-короб-.-произв. и торг.Сибирск. Т-во. Томск." 
461 1 |0 (RuTPU)RU\TPU\book\173375  |t История физики  |l Опыт изучения логики открытий в их истории  |f Н. А. Любимов  |i Часть 2  |d 1892- 
600 0 |a Абу Али аль-Хасан ибн аль Хайтам (Альхазен)  |c арабский философ  |c физик  |f 965-1040  |c математик  |2 stltpush  |3 (RuTPU)RU\TPU\pers\21265 
600 0 |a Альберт Великий  |c настоящее имя Альберт фон Больштедт  |c немецкий философ  |f около 1193-1280  |c богослов  |c монах-доминиканец  |2 stltpush  |3 (RuTPU)RU\TPU\pers\18960 
600 1 |a Бэкон  |b Р.  |f 1214-1292  |g Роджер  |c английский философ и естествоиспытатель  |c монах-францисканец  |2 stltpush  |3 (RuTPU)RU\TPU\pers\5665 
600 1 |a Браге  |b Т.  |c датский астроном  |f 1546-1601  |g Тихо  |2 stltpush  |3 (RuTPU)RU\TPU\pers\7623  |9 1475 
600 1 |a Кеплер  |g Иоганн  |f 1571-1630  |c немецкий астроном  |b И.  |2 stltpush  |3 (RuTPU)RU\TPU\pers\412 
600 0 |a Николай Кузанский  |c средневековый философ, богослов, церковный и политический деятель, учёный  |f 1401-1464  |c настоящее имя Николай Кребс  |y Германия, Италия  |2 stltpush  |3 (RuTPU)RU\TPU\pers\9650 
600 0 |a Леонардо да Винчи  |c итальянский живописец  |c скульптор  |c инженер  |c физик  |c биолог  |c философ  |c психолог  |f 1452-1519  |2 stltpush  |3 (RuTPU)RU\TPU\pers\8521  |9 1651 
600 1 |a Коперник  |g Николай  |f 1473-1543  |c польский астроном  |b Н.  |2 stltpush  |3 (RuTPU)RU\TPU\pers\236 
600 1 |a Бруно  |b Дж.  |c итальянский философ и поэт  |f 1548-1600  |g Джордано  |2 stltpush  |3 (RuTPU)RU\TPU\pers\52  |9 35 
600 0 |a Парацельс  |c настоящее имя Филипп Ауреол Теофраст Бомбаст фон Гогенгейм  |c немецкий врач  |c естествоиспытатель  |f 1493-1541  |2 stltpush  |3 (RuTPU)RU\TPU\pers\360  |9 176 
600 1 |a Порта  |b Б.  |c Jean Baptiste de la Porta  |c средневековый итальянский ученый  |f 1538-?  |g Баптист  |2 stltpush  |3 (RuTPU)RU\TPU\pers\24105  |9 10651 
600 1 |a Палисси  |b Б.  |c Palissy Bernard  |c знаменитый французский мастер керамики  |f 16 век  |g Бернард  |2 stltpush  |3 (RuTPU)RU\TPU\pers\24106  |9 10652 
610 1 |a физика 
610 1 |a философия 
610 1 |a история 
610 1 |a средние века 
675 |a 001(0:9)  |v 3 
675 |a 53(09)  |v 3 
801 1 |a RU  |b 63413507  |c 20090515  |g PSBO 
801 2 |a RU  |b 63413507  |c 20190607  |g PSBO 
942 |c BK